<?xml version="1.0" encoding="UTF-8"?>
<record
    xmlns:xsi="http://www.w3.org/2001/XMLSchema-instance"
    xsi:schemaLocation="http://www.loc.gov/MARC21/slim http://www.loc.gov/standards/marcxml/schema/MARC21slim.xsd"
    xmlns="http://www.loc.gov/MARC21/slim">

  <leader>00949nam a22001337a 4500</leader>
  <datafield tag="999" ind1=" " ind2=" ">
    <subfield code="c">533250</subfield>
    <subfield code="d">533250</subfield>
  </datafield>
  <controlfield tag="008">260505b           ||||| |||| 00| 0 eng d</controlfield>
  <datafield tag="100" ind1=" " ind2=" ">
    <subfield code="a">Agrawal, Ritika Bansal, Rohan Kumar, Sunil and Shukla, Avdhesh </subfield>
    <subfield code="9">60372</subfield>
  </datafield>
  <datafield tag="245" ind1=" " ind2=" ">
    <subfield code="a">Consumption inequality and poverty in INDIA</subfield>
  </datafield>
  <datafield tag="260" ind1=" " ind2=" ">
    <subfield code="a">Economic &amp; Political Weekly  </subfield>
  </datafield>
  <datafield tag="300" ind1=" " ind2=" ">
    <subfield code="a">61(16), Apr 18, 2026: p.17-20</subfield>
  </datafield>
  <datafield tag="520" ind1=" " ind2=" ">
    <subfield code="a">Trends in consumption inequality and poverty in India are examined using data from the Household Consumption Expenditure Surveys for 2011&#x2013;12, 2022&#x2013;23, and 2023&#x2013;24. The analysis reveals a decline in overall consumption inequality across both rural and urban areas, which also coincides with periods of high real GDP growth. However, the decline in inequality is uneven across food and non-food groups. &#x2013;Reproduced 

https://www.epw.in/journal/2026/16/commentary/consumption-inequality-and-poverty-india.html
</subfield>
  </datafield>
  <datafield tag="773" ind1=" " ind2=" ">
    <subfield code="a">Economic &amp; Political Weekly  </subfield>
  </datafield>
  <datafield tag="942" ind1=" " ind2=" ">
    <subfield code="c">AR</subfield>
  </datafield>
  <datafield tag="952" ind1=" " ind2=" ">
    <subfield code="0">0</subfield>
    <subfield code="1">0</subfield>
    <subfield code="2">ddc</subfield>
    <subfield code="4">0</subfield>
    <subfield code="7">0</subfield>
    <subfield code="9">408420</subfield>
    <subfield code="a">IIPA</subfield>
    <subfield code="b">IIPA</subfield>
    <subfield code="d">2026-05-05</subfield>
    <subfield code="h">61(16), Apr 18, 2026: p.17-20</subfield>
    <subfield code="p">AR138762</subfield>
    <subfield code="r">2026-05-05</subfield>
    <subfield code="y">AR</subfield>
  </datafield>
</record>
